AC Milan 2 - 1 Liverpool (UCL 2007) - Statistiques

Statistiques générales
  • Ce quiz a été pris 128 fois
    32 depuis la dernière actualisation
  • Le résultat moyen est 15 sur 30
Statistiques - réponses
Poste Pays Joueur % Correct
Défenseur central Paolo Maldini
100%
Gardien de but Dida
96%
Milieu offensif Kaká
92%
Milieu défensif Andrea Pirlo
88%
Défenseur central Alessandro Nesta
85%
Avant-centre Filippo Inzaghi
85%
Milieu droit Gennaro Gattuso
81%
Milieu offensif Steven Gerrard
77%
Gardien de but Pepe Reina
73%
Milieu gauche Clarence Seedorf
69%
Défenseur central Jamie Carragher
65%
Coach Carlo Ancelotti
62%
Avant-centre Dirk Kuyt
62%
Milieu central Xabi Alonso
62%
Latéral gauche John Arne Riise
50%
Milieu défensif Massimo Ambrosini
46%
Coach Rafael Benítez
46%
Milieu central Javier Mascherano
42%
Défenseur central remplaçant (80') Kakhaber Kaladze
42%
Latéral gauche Marek Jankulovski
31%
Défenseur central Daniel Agger
23%
Ailier gauche remplaçant (59') Harry Kewell
23%
Avant-centre remplaçant (78') Peter Crouch
23%
Avant-centre remplaçant (88') Alberto Gilardino
19%
Latéral droit Massimo Oddo
19%
Latéral droit remplaçant (88') Álvaro Arbeloa
8%
Ailier droit Jermaine Pennant
8%
Ailier gauche Boudewijn Zenden
4%
Latéral gauche remplaçant (90+2') Guiseppe Favalli
4%
Latéral droit Steve Finnan
4%
Aucun quiz correspondant
Distribution des résultats
% des personnes avec chaque résultat
Percentile par nombre de réponses
Votre historique - résultats
Vous n’avez pas pris ce quiz depuis la dernière actualisation